Ata-I- Qudsi (Record no. 943)

MARC details
000 -LEADER
fixed length control field 00600nam a2200241 a 4500
020 ## - INTERNATIONAL STANDARD BOOK NUMBER
ISBN
082 00 - DEWEY DECIMAL CLASSIFICATION NUMBER
Classification number 297.1229
Author Cutter MAH
100 ## - MAIN ENTRY--AUTHOR NAME
Author name Mahmood, Syed
245 ## - TITLE STATEMENT
Title Ata-I- Qudsi
260 ## - PUBLICATION, DISTRIBUTION, ETC. (IMPRINT)
Place of publication Delhi
Name of publisher Maktaba Darul Furqan
Year of publication 0000
300 ## - PHYSICAL DESCRIPTION
Number of Pages 104p
500 ## - GENERAL NOTE
General note includes index and biblioraphy
505 2# - FORMATTED CONTENTS NOTE
Formatted contents note scn book club study project.3
650 ## - SUBJECT ADDED ENTRY--TOPICAL TERM
Topical Term Quran-Surah-Ayatulkursi-Hermaneutic
942 ## - ADDED ENTRY ELEMENTS (KOHA)
Koha item type Books
700 1# -
-- Mahmood, Syed
Holdings
Collection code Home library Current library Date acquired Cost, normal purchase price Full call number Accession Number Koha item type
  Henry Martyn Institute Library Henry Martyn Institute Library 08/07/2007 1.50 297.1229 MAH 03643 Books
                   Copyright © 2026 | Henry Martyn Institute | Hyderabad | TS-500052 | INDIA | Implemented by hmi.edu.in
Hit-Count:

Powered by Koha